000
00261nam a22001217a 4500
008
171228b xxu||||| |||| 00| 0 eng d
041
_a
eng
080
_a
33
100
_a
56
101
_a
ECO
245
_a
HANDBOOK ECONOMETIRC
_c
MICHAEL.D.I
942
_2
udc
_c
BK
999
_c
39524
_d
39524